Quizzes
Events
Quiz Creation
Community
Videos
Private Events
Remove Ads
Sign In
Join for FREE
Feedback
Dark Mode
Quiz Categories
Sports
Geography
Music
Movies
Television
Just For Fun
Miscellaneous
History
Literature
Language
Science
Gaming
Entertainment
Religion
Holiday
For Kids
Quiz Lab
Recent
Popular Today
Quiz Kudos Today
Editor Picks
Curator Picks
Quizzes by...
Day
Popularity
Type
Ratings
Length
Year
Community
Subscriptions
Recent Discussions
Orange Saloon
Badges
Playlists
Quests
Create
Leaderboards
Showdown
Live 5
Trivia Bingo
Activity
Puzzle Library
Sporcle Events
Private Events
Virtual Trivia
Globe League
Become a Host
Pub Owners
SporcleCon
Opinionation
Our Games
Videos
Blog
Mobile Apps
Partnerships
Remove Ads and Go Orange
Feedback
Music
Pop Music
The Beatles
Song
Album
Lyrics
Bands
Singers
Artist
Clip
Rock
Rap
Classical
Billboard
Country Music
Kpop
Taylor Swift
Music
Pop Music
The Beatles
Song
Album
Lyrics
Bands
Singers
Artist
Clip
Rock
Rap
Classical
Billboard
Country Music
Kpop
Taylor Swift
Random Quiz
Search Sporcle
×
Quiz Lab
Quiz Lab
Music
Artist
Type in answers that appear in a list
Type in answers that appear in a list
Classic
Best Score? Go Orange.
Name the Monstercat vocalist! Stats
Can you name the Monstercat vocalist? 022 to current (April 2016)
By
andrewnitu
7m
57 Questions
145 Plays
145 Plays
145 Plays
Comments
Comments
Give Quiz Kudos
Give Quiz Kudos
-
- Ratings
hide this ad
Forced Order
Answers have to be entered in order
Answers have to be entered in order
Replay
Link that replays current quiz
Next Quiz
Link to next quiz in quiz playlist
You Got
0%
They Got
Avg Score
64%
Avg Friend Score
Upgrade to see
Score Distribution
Jump to the score distribution portion of the page
Score
0/57
Timer
07:00
0
Plays Today
Song
Vocalist
% Correct
Bring The Madness
Mayor Apeshit
87.6%
We Won't Be Alone
Laura Brehm
86.2%
Legends
TeamMate
84.1%
Valkyrie III: Atonement
Laura Brehm
84.1%
We Are
Danyka Nadeau
78.6%
Enough is Enough
Richard Caddock
77.9%
Supercell
Veela
76.6%
All I See
Laura Brehm
75.9%
Inside
Danyka Nadeau
75.2%
Restless
Anna Yvette
75.2%
Distance
Richard Caddock
74.5%
Home
Richard Caddock
73.8%
Evaporate
Aloma Steele
73.1%
Watching
Colordrive
73.1%
Dangerous
Danyka Nadeau
73.1%
CONCRETE JUNGLE
P KEYS
72.4%
Hunted
Jonny Rose
72.4%
Memory
Holly Drummond
71.7%
Chase It
Savoi
70.3%
Dots
Jenny Broke the Window
70.3%
Faster Than Light
Danyka Nadeau
69.7%
Rebirth
Ashley Apollodor
69%
Break Loose
Splitbreed
68.3%
Fire Away
Danyka Nadeau
68.3%
Stickup
Juliette Lewis
68.3%
Be Alright
EMEL
66.2%
Come With Me
Anna Yvette
65.5%
Greatness
Talib Kweli
64.1%
Leaving You
Jojee
63.4%
Song
Vocalist
% Correct
On You
Alby Hobbs
62.8%
Run To You
Meron Ryan
62.8%
Pink Cloud
Max Collins
62.1%
They Just Haven't Seen It
The Nicholas
62.1%
Little Too Close
Veronika Redd
61.4%
Amor
Syrin
60.7%
Synchronize
Aaron Richards
60.7%
Fell Down
Holly Drummond
60.7%
The Vale
Miyoki
60.7%
No Way Back Up
Illuminor
59.3%
Love Is Killing Me
Chali 2na
58.6%
Fopspeen (Bound 2 U)
All About She
58.6%
Hold Fast
Tessa Douwstra
56.6%
Deya
Patrick Baker
56.6%
Signs
Shantee
56.6%
Drift Away
Charlotte Haining
55.9%
Invisible
Mari-Anna
55.2%
Here For You
Q'AILA
55.2%
Hypnotique
Charlotte Haining
51.7%
Knock Me Out
Anna Cyzon
51%
X-
Ray
Jhyve
50.3%
Into the Wild
Sebastian Lind
49.7%
Clouds
Raycee Jones
49.7%
Your Time
KIELY
46.9%
Hold On
Q'AILA
45.5%
Feeling Stronger
Charlotte Colley
44.1%
Some Kind of Magic
MYZICA
44.1%
Waiting For You
Joanna Jones
39.3%
Quiz Playlist
Details
Report
Send in Message
Add To Playlist
Classic:
Type in answers that appear in a list
Forced Order:
Answers have to be entered in order
Last Updated: Jun 15, 2017
Quiz Scoreboard
CHALLENGE
Sign Up to Join the Scoreboard
Show All
Scores
Hide
Comments
May contain spoilers
Recently Published
Presidents Visiting Landmarks
by Hejman
History
7m
An Introduction to Baseball
by treessimontrees
Sports
5m
Movies - When Are They Set?
by FPL_Elf
Movies
5m
More to Explore
Quiz From the Vault
Featured Blog Post
Where Did the Easter Bunny Come From?
hide this ad
You Might Also Like...
Tags
Artist Quiz
Song Quiz
Vocalists
Today's Top Quizzes in Music
Browse Music
hide this ad
Today's Top Quizzes in Artist
Browse Artist
Top Contributed Quizzes in Music
1
Taylor Swift All Songs (2024)
2
Guess the Artist- 70s Songs
3
Taylor Swift Logic Puzzle
4
KPOP LOGIC QUIZ
5
One Thing in Common: Music
6
2010s Album by Cover III
7
7-to-1: Billboard Hot 100 #1 Hits of 2010s
8
Guess the Taylor Swift song (Mystery Song)
9
Sorting Albums and Songs
10
2000s Album Cover Bunker
Explore More
Trending Topics
Harry Potter
Crossword
Kpop
Marvel
NBA
Disney
Anime
WWE
Pokémon
The Office
NFL
Song
Country
Puzzle
Soccer
hide this ad
More By:
andrewnitu
Quiz
Plays
Rating
Category
Featured
Created
Complete the Monstercat lyric
361
5.00
Music
Apr 7, 2016
Name the Monstercat vocalist!
145
5.00
Music
Apr 11, 2016
Monstercat EP Vocalists
115
5.00
Music
Apr 12, 2016
Where do the Monstercat artists live?
46
5.00
Music
Apr 9, 2016
Go to Creator's Profile
Score Distribution
Quiz Creator Spotlight
andrewnitu
Follow
Send a Message
Quizzes Created
-
Created Quiz Play Count
-
More By This Creator
Popular Quizzes Today
1
Find the US States - No Outlines Minefield
2
Find the Countries of Europe - No Outlines Minefield
3
The Countries of the World
4
Find the US States
5
Popular People in 1961
6
US States
7
Risky Map Clicking: Biggest States A-Z
8
1-10 Letter E Words III
More Music Quizzes
Absent Letter Women Singers
Published
Trending Quizzes
Risky Map Clicking: Least Populous States A-Z
1-10 Letter G Words
1-10 Letter F Words
Risky Map Clicking: Next State Alphabetically
Risky Map Clicking: Biggest States A-Z
Recently Updated
Leaping Animals
pecheneg
Reality TV Shows (A-Z)
bhenderson79
Rickey Henderson's Hall of Fame Teammates
pecheneg
Champions League XIs: Arsenal
pecheneg
Quick Pick: Celebrities in WWE's Hall of Fame
aduchscher
A-Z Keypad Blitz II
pecheneg
Multiple Oscar Actors
pecheneg
Mystery Phrase Blitz: Oscar 'Best Actors'
pecheneg
F. Scott Fitzgerald Novels
LTH
Pick 3 Villains
ddd62291
Trending Topics
Kpop
Anime
Harry Potter
Disney
NBA
Crossword
Marvel
NFL
The Office
WWE
Soccer
Puzzle
Pokémon
Country
Song
Your Account Isn't Verified!
In order to create a playlist on Sporcle, you need to verify the email address you used during registration. Go to your
Sporcle Settings
to finish the process.
Report this User
Report this user for behavior that violates our
Community Guidelines
.
Details:
Send Report
Go to the Sporcle.com Mobile Site →
Comments